| 000 | 00788nam a22002657a 4500 | ||
|---|---|---|---|
| 001 | BR9600837 | ||
| 003 | BR-BrBNA | ||
| 005 | 20230928095211.0 | ||
| 007 | ta | ||
| 008 | 230509b bl.||||| |||| 00| 0 por d | ||
| 040 |
_aBR-BrBNA _bpor _cBiblioteca Nacional de Agricultura |
||
| 041 | _a(Por) | ||
| 072 |
_aP05; F01 _b5050 |
||
| 090 | _ 5050 BR9600837 | ||
| 100 | 1 | _aVidal, L.S. | |
| 110 | 1 | _aEmpresa de Assistencia Tecnica e Extensao Rural do Estado de Minas Gerais, Belo Horizonte (Brasil) | |
| 245 | 1 | _aOperacoes agricolas com maquinas de tracao animal | |
| 260 | 3 |
_aBelo Horizonte, MG (Brasil): _c1982. |
|
| 300 | _a51 p. | ||
| 500 | _a17 ref.; 27 illus. | ||
| 650 | _aTracao Animal | ||
| 650 | _aPratica Cultural | ||
| 909 |
_a202309 _bLucia _c55 _dLucia Elande |
||
| 942 | _cBK | ||
| 999 |
_c55149 _d55149 |
||